01133nam a2200241Ia 4500003000900000008004100009020001800050040001600068080001200084111010900096245027100205260003600476300001700512490003000529650001800559650003000577650001900607700003300626700007800659942000700737999001700744952013000761IN-BaIIA211028s9999 xx 000 0 eng d a3-540-66370-3 cIIA Library a52bCHE aESO Workshop on Chemical Evolution from Zero to High RedshiftcGarching, Germanyd1998 Oct. 14-16924544 0aChemical evolution from zero to high redshiftbproceedings of the ESO workshop on chemical evolution from zero to high redshift, held at Garching, Germany, 14-16 October. 1998cedited by Jeremy R. Walsh and Michael R. Rosa  aBerlinrkbSpringer-Verlagc1999 axviii, 312p. aESO astrophysics symposia aAstronomy980 aChemical evolution915336 aRedshift98391 aRosa, Michael R., ed.924545 aWalsh, Jeremy R., ed. 924546 cBK c14009d14009 00104070aBANbBANcGENd2001-03-29eANJ g1536.80l0o52/ CHEp14929r2021-11-05v1536.80w2001-03-29yBKGRs. 1536.80